Géographie Physique d'Asie - Statistiques

Statistiques générales
  • Ce quiz a été pris 11 290 fois
  • Le résultat moyen est 11 sur 25
Statistiques - réponses
Indice Réponse % Correct
Plus haute montagne Mont Everest
92%
Chaîne de montagnes où elle est située Himalaya
90%
Vaste région orientale de Russie Sibérie
74%
Fleuves jumeaux de Mésopotamie Tigre
71%
Plus grands déserts Désert de Gobi
69%
Fleuves jumeaux de Mésopotamie Euphrate
68%
Seconde plus haute montagne K2
61%
Golfe dans lequel se jettent ces fleuves Golfe Persique
56%
Plus grandes îles Java
51%
Péninsule de la Thaïlande, du Vietnam, et al. Indochine
49%
Plus grandes îles Bornéo
48%
Plus grands lacs Lac Baïkal
45%
Péninsule Egyptienne se situant pourtant en Asie Sinaï
44%
Plus grandes îles Sumatra
38%
Golfe entre cette dernière et l'Inde Golfe du Bengale
37%
Plus grandes îles Honshu
33%
Biome subarctique couvrant la majeure partie de cette région Taïga
33%
Le rivage de lac est le point émergé le plus bas de la surface du globe (-430 m) Mer Morte
31%
Plus long fleuve Yangzi Jiang
31%
Plus grands déserts Désert d'Arabie
29%
Plus grands lacs Mer Caspienne
29%
Plus grande île de Russie, située dans l'océan Pacifique Sakhaline
19%
Plus grandes îles Luçon
16%
Plus grandes îles Célèbes
12%
Passage montagneux majeur entrele Pakistan et l'Afghanistan Passe de {Khyber}
6%
Aucun quiz correspondant
Distribution des résultats
% des personnes avec chaque résultat
Percentile par nombre de réponses
Votre historique - résultats
Vous n’avez pas pris ce quiz